DIS 9001/14001:2014 o krok vpred k novým štandardom
Proces revízie a jednotlivé fázy najpoužívanejších štandardov kvality ISO 9001 a ISO 14001. Vybrané kľúčové oblasti zmien v týchto štandardoch. Prístup k mysleniu a konaniu na základe príležitostí a rizík. Spoločná štruktúra a terminológia systémov manažérstva kvality.
Enregistré dans:
| Auteur principal: | |
|---|---|
| Autres auteurs: | |
| Format: | Chapitre de livre |
| Langue: | slovaque |
| Sujets: | |
| Tags: |
Pas de tags, Soyez le premier à ajouter un tag!
|
MARC
| LEADER | 00000naa a2200000 4500 | ||
|---|---|---|---|
| 001 | 0200545 | ||
| 005 | 20231012072803.0 | ||
| 041 | 0 | |a slo | |
| 044 | |a SK | ||
| 245 | 1 | 0 | |a DIS 9001/14001:2014 o krok vpred k novým štandardom |c Juraj Kliment, Jiří Bašta |
| 520 | |a Proces revízie a jednotlivé fázy najpoužívanejších štandardov kvality ISO 9001 a ISO 14001. Vybrané kľúčové oblasti zmien v týchto štandardoch. Prístup k mysleniu a konaniu na základe príležitostí a rizík. Spoločná štruktúra a terminológia systémov manažérstva kvality. | ||
| 610 | 2 | 0 | |a systém riadenia kvality |
| 610 | 2 | 0 | |a systémy kvality |
| 610 | 2 | 0 | |a riadenie kvality |
| 610 | 2 | 0 | |a certifikácia |
| 610 | 2 | 0 | |a štandardizácia |
| 610 | 2 | 0 | |a normy kvality |
| 610 | 2 | 0 | |a normy ISO |
| 100 | 1 | |a Kliment, Juraj | |
| 700 | 1 | |a Bašta, Jiří | |